S. Sebastián

Saved in:
Bibliografiske detaljer
Hovedforfatter: Ricci, Serafino (Author)
Format: Bog
Sprog:spansk
Udgivet: Roma Sociedad Editora de Arte Ilustrado 1924
Serier:Colección Iconográfica. Serie Arte Religioso
Fag:
Tags: Tilføj Tag
Ingen Tags, Vær først til at tagge denne postø!

MARC

LEADER 00000nam a2200000 a 4500
001 UCZ2418
003 CL-VaPUC
008 951005e19240000IT |||||||||||||||||spa|d
082 0 4 |a 704.948  |b RIC  |2 21 
100 0 |a Ricci, Serafino  |e author  |9 346177 
245 1 0 |a S. Sebastián 
300 |a 16 p 
942 |c BK 
945 |d 19951005 00:00:00  |a rbrito 
260 |a Roma  |b Sociedad Editora de Arte Ilustrado  |c 1924 
600 0 7 |a SAN SEBASTIAN  |2 CL-VaPUC  |9 346178 
650 0 |a Arte religioso  |9 330545 
650 7 |a ESCULTURA RELIGIOSA  |2 CL-VaPUC  |9 346179 
650 7 |a PINTURA RELIGIOSA  |2 CL-VaPUC  |9 340359 
583 |a last modification  |c 19951005 00:00:00  |k Rodrigo Vera 
490 0 |a Colección Iconográfica. Serie Arte Religioso 
999 |c 239022  |d 239020 
952 |0 0  |1 0  |4 0  |6 704_948000000000000_RIC_1924  |7 0  |8 A  |9 249803  |a BIBART  |b BIBART  |d 2019-11-18  |i 3139514  |o 704.948 RIC 1924  |p 3139514  |r 2025-03-13  |w 2019-11-18  |y BK  |k ART